[Event "Copenhagen-ch"]
[Site "Copenhagen"]
[Date "2004.10.15"]
[Round "7"]
[White "Andersen, Ejnar"]
[Black "Auchenberg, Per"]
[Result "0-1"]
[WhiteElo "2048"]
[BlackElo "2088"]
[PlyCount "92"]
[EventDate "2004.10.09"]
[EventType "swiss"]
[EventRounds "9"]
[EventCountry "DEN"]
[SourceTitle "EXT 2018"]
[Source "ChessBase"]
[SourceDate "2017.10.13"]
[SourceVersion "1"]
[SourceVersionDate "2017.10.13"]
[SourceQuality "1"]

1. d4 Nf6 2. Nf3 e6 3. e3 b6 4. Bd3 Bb7 5. Nbd2 c5 6. 0-0 Nc6 7. a3 Be7 8. b3 0-0 9. Bb2 d6 10. Qe2 Re8 11. Rfd1 Qc7 12. c4 e5 13. d5 Nb8 14. e4 Nbd7 15. Nf1 Nh5 16. g3 g6 17. Ne3 Ndf6 18. Qc2 Bc8 19. Bf1 Ng4 20. Nxg4 Bxg4 21. Bg2 Qd7 22. Rd2 Bf8 23. Rf1 Bh6 24. Bc1 Bxd2 25. Bxd2 Rab8 26. a4 a6 27. Nh4 Bh3 28. Bh6 b5 29. cxb5 axb5 30. a5 Ra8 31. Qd2 b4 32. Ra1 Ra7 33. Bf3 Bg4 34. Bg2 Rea8 35. f3 Bh3 36. g4 Bxg2 37. gxh5 Bh3 38. Qg5 Qe7 39. Qg3 Bd7 40. hxg6 fxg6 41. Bg5 Qf7 42. f4 Rxa5 43. Rxa5 Rxa5 44. f5 Ra1+ 45. Kf2 Bb5 46. f6 Qa7 0-1

[Event "Politiken Cup 26th"]
[Site "Copenhagen"]
[Date "2004.07.30"]
[Round "8"]
[White "Rossen, Claus"]
[Black "Auchenberg, Per"]
[Result "1/2-1/2"]
[WhiteElo "2168"]
[BlackElo "2082"]
[PlyCount "92"]
[EventDate "2004.07.24"]
[EventType "swiss"]
[EventRounds "10"]
[EventCountry "DEN"]
[SourceTitle "CBM 101 Extra"]
[Source "ChessBase"]
[SourceDate "2004.09.01"]
[SourceVersion "2"]
[SourceVersionDate "2004.09.01"]
[SourceQuality "1"]

1. d4 Nf6 2. c4 e6 3. Nc3 Bb4 4. Qc2 Nc6 5. Nf3 d6 6. a3 Bxc3+ 7. Qxc3 a5 8. Bg5 0-0 9. e3 Qe7 10. d5 Nb8 11. Bxf6 gxf6 12. g4 e5 13. Qc2 Kh8 14. h3 Rg8 15. Bd3 Rg7 16. Nh4 c6 17. Bf5 Bd7 18. 0-0-0 c5 19. Bxd7 Qxd7 20. f4 Na6 21. fxe5 fxe5 22. Rdf1 Nc7 23. Qf5 Qa4 24. Qc2 Qd7 25. a4 Ra6 26. Rf5 Rb6 27. Rhf1 Rb4 28. b3 Ne8 29. Rh5 b5 30. axb5 a4 31. bxa4 Qa7 32. Kd2 Rxa4 33. Rb1 Qa5+ 34. Ke2 Ra2 35. Rb2 Ra1 36. Qd2 Qa4 37. Rc2 Rh1 38. Kf3 Qa1 39. Nf5 Qf1+ 40. Qf2 Rxh3+ 41. Rxh3 Qxh3+ 42. Qg3 Qf1+ 43. Rf2 Qd1+ 44. Re2 Qf1+ 45. Qf2 Qh3+ 46. Qg3 Qf1+ 1/2-1/2

[Event "Politiken Cup 26th"]
[Site "Copenhagen"]
[Date "2004.07.26"]
[Round "4"]
[White "Auchenberg, Per"]
[Black "Petersen, Peter Birk"]
[Result "1/2-1/2"]
[WhiteElo "2082"]
[BlackElo "2214"]
[PlyCount "31"]
[EventDate "2004.07.24"]
[EventType "swiss"]
[EventRounds "10"]
[EventCountry "DEN"]
[SourceTitle "CBM 101 Extra"]
[Source "ChessBase"]
[SourceDate "2004.09.01"]
[SourceVersion "2"]
[SourceVersionDate "2004.09.01"]
[SourceQuality "1"]

1. e4 c5 2. Nf3 e6 3. d4 cxd4 4. Nxd4 Nc6 5. Nc3 Qc7 6. g3 a6 7. Bg2 Nf6 8. 0-0 Be7 9. Re1 Nxd4 10. Qxd4 d6 11. a4 0-0 12. a5 Bd7 13. Be3 Bc6 14. Na4 Ng4 15. Nb6 Rad8 16. Bd2 1/2-1/2

[Event "Politiken Cup 26th"]
[Site "Copenhagen"]
[Date "2004.07.25"]
[Round "2"]
[White "Auchenberg, Per"]
[Black "Lahlum, Hans Olav"]
[Result "0-1"]
[WhiteElo "2082"]
[BlackElo "2254"]
[PlyCount "67"]
[EventDate "2004.07.24"]
[EventType "swiss"]
[EventRounds "10"]
[EventCountry "DEN"]
[SourceTitle "CBM 101 Extra"]
[Source "ChessBase"]
[SourceDate "2004.09.01"]
[SourceVersion "2"]
[SourceVersionDate "2004.09.01"]
[SourceQuality "1"]

1. f4 d5 2. b3 c5 3. e3 a6 4. Bb2 Nc6 5. Nf3 f6 6. g3 Nh6 7. Bg2 e6 8. 0-0 Be7 9. Qe2 0-0 10. Nc3 b5 11. Nd1 Bb7 12. Nf2 Qc7 13. g4 Nf7 14. h4 e5 15. fxe5 fxe5 16. d3 Na5 17. g5 Rae8 18. Ng4 d4 19. exd4 exd4 20. Rae1 Qc8 21. Nfe5 Bd6 22. Bxb7 Qxb7 23. Rxf7 Rxf7 24. Nxf7 Rxe2 25. Nfh6+ gxh6 26. Nxh6+ Kg7 27. Rxe2 Qd7 28. Rf2 Qe6 29. Bc1 Qe1+ 30. Kg2 Qxc1 31. Nf5+ Kf7 32. Nxd6+ Ke7 33. Ne4 c4 34. bxc4 0-1

[Event "DEN-ch M7 "]
[Site "Koge"]
[Date "2004.??.??"]
[Round "6"]
[White "Auchenberg, Per"]
[Black "Andersen, Rune"]
[Result "1-0"]
[WhiteElo "2091"]
[BlackElo "2068"]
[PlyCount "55"]
[EventDate "2004.04.06"]
[EventType "swiss"]
[EventRounds "7"]
[EventCountry "DEN"]
[SourceTitle "EXT 2018"]
[Source "ChessBase"]
[SourceDate "2017.10.13"]
[SourceVersion "1"]
[SourceVersionDate "2017.10.13"]
[SourceQuality "1"]

1. f4 c5 2. b3 Nc6 3. Nf3 d5 4. e3 f6 5. Bb5 Bg4 6. Bxc6+ bxc6 7. Bb2 e6 8. 0-0 Bd6 9. Qe1 Nh6 10. d3 Qc7 11. Nbd2 0-0 12. Qh4 Rae8 13. a4 e5 14. fxe5 fxe5 15. e4 Rf4 16. Qg3 Bc8 17. h3 Re6 18. Nh4 Qe7 19. Nf5 Nxf5 20. exf5 Rxf1+ 21. Rxf1 Rf6 22. Qg5 Qf8 23. g4 c4 24. bxc4 Qd8 25. Qe3 Qa5 26. Nb3 Qc7 27. c5 Bxc5 28. Nxc5 1-0

[Event "DEN-ch M7 "]
[Site "Koge"]
[Date "2004.??.??"]
[Round "5"]
[White "Larsen, Peter"]
[Black "Auchenberg, Per"]
[Result "0-1"]
[WhiteElo "2266"]
[BlackElo "2091"]
[PlyCount "80"]
[EventDate "2004.04.06"]
[EventType "swiss"]
[EventRounds "7"]
[EventCountry "DEN"]
[SourceTitle "EXT 2018"]
[Source "ChessBase"]
[SourceDate "2017.10.13"]
[SourceVersion "1"]
[SourceVersionDate "2017.10.13"]
[SourceQuality "1"]

1. e4 e5 2. Nf3 Nc6 3. d4 exd4 4. c3 d5 5. exd5 Qxd5 6. cxd4 Bg4 7. Be2 0-0-0 8. Nc3 Qa5 9. Be3 Nf6 10. 0-0 Bc5 11. Qb3 Nxd4 12. Nxd4 Bxd4 13. Bxg4+ Nxg4 14. Bxd4 Rxd4 15. Qxf7 Qe5 16. g3 Rd7 17. Qf3 Qh5 18. Qg2 Rd2 19. Ne4 Ne3 20. g4 Qe5 21. Qf3 Nxf1 22. Rxf1 Rxb2 23. a3 Re8 24. Ng3 g6 25. h3 Rb6 26. Rd1 Rd6 27. Rb1 Qd5 28. Qf4 Rde6 29. Kh2 Re1 30. Rb4 Qd6 31. Qf3 c6 32. Qc3 Qe5 33. Qc2 Rf8 34. Rb3 Rf1 35. f3 R1xf3 36. Rxf3 Rxf3 37. Qg2 Qf4 38. Qg1 Rf2+ 39. Kh1 Qf3+ 40. Qg2 Qxg2# 0-1

[Event "DEN-ch M7 "]
[Site "Koge"]
[Date "2004.??.??"]
[Round "4"]
[White "Madsen, Poul Henrik"]
[Black "Auchenberg, Per"]
[Result "1/2-1/2"]
[WhiteElo "2062"]
[BlackElo "2091"]
[PlyCount "124"]
[EventDate "2004.04.06"]
[EventType "swiss"]
[EventRounds "7"]
[EventCountry "DEN"]
[SourceTitle "EXT 2018"]
[Source "ChessBase"]
[SourceDate "2017.10.13"]
[SourceVersion "1"]
[SourceVersionDate "2017.10.13"]
[SourceQuality "1"]

1. d4 f5 2. g3 Nf6 3. Bg2 g6 4. c4 Bg7 5. Nc3 d6 6. Nf3 0-0 7. Qb3 Nc6 8. c5+ d5 9. h4 e6 10. Bg5 h6 11. Bf4 b6 12. cxb6 axb6 13. Ne5 Nxe5 14. Bxe5 Ba6 15. Bf3 Bc4 16. Qc2 Nd7 17. Bxg7 Kxg7 18. b3 Ba6 19. e3 c5 20. Qd2 Qf6 21. Be2 Bxe2 22. Nxe2 Rfc8 23. 0-0 g5 24. hxg5 hxg5 25. Kg2 Rh8 26. Rh1 Rxh1 27. Rxh1 Rh8 28. Rxh8 Kxh8 29. dxc5 bxc5 30. Qa5 Qe7 31. Qc7 Kg7 32. a4 Kf7 33. Nc3 Nf6 34. Qe5 Qb7 35. Nb5 Qc6 36. Qc7+ Qxc7 37. Nxc7 Nd7 38. Kf3 Ke7 39. Ke2 Kd6 40. Nb5+ Kc6 41. Na3 e5 42. Nc2 Nf6 43. f3 Nh5 44. Kf2 Nf6 45. Ke2 g4 46. f4 exf4 47. gxf4 Ne4 48. b4 Nc3+ 49. Kf2 Nxa4 50. bxc5 Nxc5 51. Nd4+ Kd7 52. Nxf5 Ne4+ 53. Kg2 Ke6 54. Nh6 g3 55. Kf3 Kf6 56. Ng4+ Kf5 57. Ne5 g2 58. Kxg2 d4 59. exd4 Kxf4 60. Nf7 Nc3 61. Ne5 Ke4 62. Nc6 Nb5 1/2-1/2

[Event "Farum 60 years op"]
[Site "Farum"]
[Date "2003.10.12"]
[Round "1"]
[White "Auchenberg, Per"]
[Black "Thomsen, Frode Helvig"]
[Result "1-0"]
[WhiteElo "2098"]
[BlackElo "1558"]
[PlyCount "93"]
[EventDate "2003.10.12"]
[EventType "swiss"]
[EventRounds "7"]
[EventCountry "DEN"]
[SourceTitle "EXT 2018"]
[Source "ChessBase"]
[SourceDate "2017.10.13"]
[SourceVersion "1"]
[SourceVersionDate "2017.10.13"]
[SourceQuality "1"]

1. f4 d5 2. b3 e6 3. Bb2 Nf6 4. Nf3 b6 5. g3 Bb7 6. Bg2 Nbd7 7. 0-0 Be7 8. c4 0-0 9. Nc3 c5 10. e3 a6 11. Qe2 Qc7 12. d3 Bc6 13. e4 d4 14. Nd1 Rfb8 15. e5 Ne8 16. Nf2 Nf8 17. Ne4 Qb7 18. Nfd2 Ra7 19. b4 Qd7 20. bxc5 bxc5 21. Nb3 Bxe4 22. Bxe4 g6 23. Qg2 Ng7 24. g4 a5 25. Bc6 Qc7 26. Ba3 a4 27. Nd2 Rc8 28. Bb5 Qa5 29. Ne4 Qd8 30. Rae1 Ne8 31. Bxe8 Qxe8 32. f5 exf5 33. gxf5 Nd7 34. Nf6+ Bxf6 35. exf6 Qf8 36. Re7 Rac7 37. fxg6 hxg6 38. Qg5 Nb8 39. Rfe1 Na6 40. h4 Rxe7 41. Rxe7 Rb8 42. h5 Rb1+ 43. Kf2 Qb8 44. Re5 Nb4 45. Bxb4 Rxb4 46. Qh6 Rb2+ 47. Kf3 1-0

[Event "Odysseus Autumn A"]
[Site "Soborg"]
[Date "2003.10.09"]
[Round "5"]
[White "Klausen, Soren"]
[Black "Auchenberg, Per"]
[Result "1-0"]
[WhiteElo "2014"]
[BlackElo "2075"]
[PlyCount "61"]
[EventDate "2003.09.11"]
[EventType "tourn"]
[EventRounds "5"]
[EventCountry "DEN"]
[SourceTitle "EXT 2023"]
[Source "ChessBase"]
[SourceDate "2022.10.05"]
[SourceVersion "1"]
[SourceVersionDate "2022.10.05"]
[SourceQuality "1"]

1. e4 c5 2. c3 Nf6 3. e5 Nd5 4. d4 cxd4 5. Bc4 Nb6 6. Bb3 d3 7. Qxd3 Nc6 8. Nf3 e6 9. 0-0 d5 10. exd6 Bxd6 11. Rd1 Bc7 12. Qe4 Qe7 13. Na3 a6 14. Nc4 Nxc4 15. Bxc4 Bd7 16. Bg5 f6 17. Be3 e5 18. b4 0-0-0 19. Bc5 Qe8 20. a4 f5 21. Qe2 Qh5 22. Bxa6 e4 23. Bxb7+ Kxb7 24. Qb5+ Kc8 25. Qa6+ Kb8 26. Nd4 Qxh2+ 27. Kf1 Qh1+ 28. Ke2 Qh5+ 29. Kd2 Bf4+ 30. Kc2 Nxd4+ 31. Rxd4 1-0

[Event "Politiken Cup 25th"]
[Site "Copenhagen"]
[Date "2003.07.24"]
[Round "10"]
[White "Simonsen, Hans Kristian"]
[Black "Auchenberg, Per"]
[Result "0-1"]
[WhiteElo "2233"]
[BlackElo "2075"]
[PlyCount "82"]
[EventDate "2003.07.14"]
[EventType "swiss"]
[EventRounds "11"]
[EventCountry "DEN"]
[SourceTitle "CBM 095 Extra"]
[Source "ChessBase"]
[SourceDate "2003.09.04"]
[SourceVersion "1"]
[SourceVersionDate "2003.09.04"]
[SourceQuality "1"]

1. g3 e5 2. Bg2 d5 3. d3 Nf6 4. Nf3 Nc6 5. 0-0 Be7 6. Nbd2 0-0 7. e4 dxe4 8. dxe4 b6 9. c3 a5 10. Qa4 Bb7 11. Rd1 Nd7 12. Nc4 Qe8 13. Be3 Nc5 14. Qc2 f6 15. a4 Qf7 16. Bf1 Rfd8 17. Ncd2 Bc8 18. Bb5 Na7 19. Bc4 Be6 20. Bxe6 Qxe6 21. b4 Nb7 22. Rab1 Nc6 23. b5 Nb8 24. Nb3 Nd7 25. Rd5 c6 26. bxc6 Qxc6 27. Nbd2 Nbc5 28. Nc4 Qxa4 29. Qxa4 Nxa4 30. Rbd1 Nxc3 31. Rxd7 Nxd1 32. Rxe7 Nxe3 33. Nxe3 a4 34. Rc7 a3 35. Rc1 Rd3 36. Ra1 b5 37. Ne1 Rb3 38. N1c2 a2 39. Nd5 Rb2 40. Ndb4 Rc8 41. Rc1 Rcxc2 0-1

[Event "Politiken Cup 25th"]
[Site "Copenhagen"]
[Date "2003.07.19"]
[Round "6"]
[White "Harestad, Hans Krogh"]
[Black "Auchenberg, Per"]
[Result "1-0"]
[WhiteElo "2249"]
[BlackElo "2075"]
[PlyCount "77"]
[EventDate "2003.07.14"]
[EventType "swiss"]
[EventRounds "11"]
[EventCountry "DEN"]
[SourceTitle "CBM 095 Extra"]
[Source "ChessBase"]
[SourceDate "2003.09.04"]
[SourceVersion "1"]
[SourceVersionDate "2003.09.04"]
[SourceQuality "1"]

1. d4 Nf6 2. c4 e6 3. Nc3 Bb4 4. Qc2 Nc6 5. Nf3 d6 6. a3 Bxc3+ 7. Qxc3 a5 8. b3 0-0 9. g3 Re8 10. Bg2 e5 11. d5 Nb8 12. Bb2 Bg4 13. h3 Bh5 14. Nd2 Nbd7 15. e4 c6 16. 0-0 cxd5 17. cxd5 Rc8 18. Qe3 Rc2 19. Bc3 Nc5 20. Rfc1 Rxc1+ 21. Rxc1 b6 22. Bf1 Bg6 23. f3 Qd7 24. a4 Rc8 25. Kh2 Qd8 26. Bb5 h5 27. b4 axb4 28. Bxb4 Nfd7 29. Nc4 Nf8 30. Bc6 f5 31. exf5 Bxf5 32. a5 Nd3 33. Nxd6 Nxb4 34. Nxf5 bxa5 35. Qxe5 Rc7 36. d6 Nxc6 37. Rxc6 Rb7 38. Ne7+ Kf7 39. Qf5+ 1-0

[Event "Politiken Cup 25th"]
[Site "Copenhagen"]
[Date "2003.07.17"]
[Round "4"]
[White "Nordenbaek, Jan"]
[Black "Auchenberg, Per"]
[Result "0-1"]
[WhiteElo "2254"]
[BlackElo "2075"]
[PlyCount "80"]
[EventDate "2003.07.14"]
[EventType "swiss"]
[EventRounds "11"]
[EventCountry "DEN"]
[SourceTitle "CBM 095 Extra"]
[Source "ChessBase"]
[SourceDate "2003.09.04"]
[SourceVersion "1"]
[SourceVersionDate "2003.09.04"]
[SourceQuality "1"]

1. d4 Nf6 2. Bg5 Ne4 3. Bf4 c5 4. f3 Qa5+ 5. c3 Nf6 6. d5 d6 7. e4 g6 8. Na3 Bg7 9. Nc4 Qd8 10. a4 0-0 11. Qd2 Nbd7 12. g4 Nb6 13. Bh6 Bd7 14. h4 Nxa4 15. Bxg7 Kxg7 16. h5 b5 17. hxg6 fxg6 18. Qh6+ Kg8 19. g5 bxc4 20. gxf6 Rf7 21. e5 exf6 22. e6 Re7 23. Bxc4 Nxb2 24. Be2 Be8 25. Nh3 Rg7 26. Rg1 a5 27. Nf2 f5 28. Qf4 a4 29. Kd2 a3 30. Rg2 Raa7 31. Nh3 Qb6 32. Ng5 Ra4 33. Qh2 Nc4+ 34. Bxc4 Rxc4 35. Rxa3 Qb2+ 36. Kd3 Qxa3 37. Kxc4 Qa6+ 38. Kb3 Qa4+ 39. Kb2 Rb7+ 40. Kc1 Qa3+ 0-1

[Event "Taastrup Aktiv-Alliancen"]
[Site "Taastrup"]
[Date "2003.06.01"]
[Round "9"]
[White "Forsmann, Henning"]
[Black "Auchenberg, Per"]
[Result "0-1"]
[WhiteElo "1653"]
[BlackElo "2040"]
[PlyCount "80"]
[EventDate "2003.05.23"]
[EventType "swiss"]
[EventRounds "9"]
[EventCountry "DEN"]
[SourceTitle "EXT 2023"]
[Source "ChessBase"]
[SourceDate "2022.10.05"]
[SourceVersion "1"]
[SourceVersionDate "2022.10.05"]
[SourceQuality "1"]

1. d4 Nf6 2. c4 e6 3. g3 c5 4. d5 exd5 5. cxd5 d6 6. Bg2 g6 7. Nc3 Bg7 8. Nf3 0-0 9. 0-0 Na6 10. e4 Bg4 11. h3 Bxf3 12. Bxf3 Nd7 13. Bg2 Nc7 14. Qe2 a6 15. a4 b6 16. Bf4 Ne5 17. Kh2 Re8 18. Be3 Rb8 19. f4 Nd7 20. g4 b5 21. axb5 axb5 22. g5 b4 23. Nd1 Nb5 24. Qg4 c4 25. Qe2 c3 26. bxc3 bxc3 27. Ra6 Qc8 28. Rc6 Qb7 29. Nf2 Rec8 30. e5 dxe5 31. Rb1 Re8 32. Qc4 exf4 33. Bxf4 Ne5 34. Bxe5 Bxe5+ 35. Kh1 Nd6 36. Rxb7 Nxc4 37. Rxc4 Rxb7 38. Be4 Rb2 39. Ng4 h5 40. Nxe5 Rxe5 0-1

[Event "Taastrup Aktiv-Alliancen"]
[Site "Taastrup"]
[Date "2003.05.25"]
[Round "5"]
[White "Ohayv, Nikolaj"]
[Black "Auchenberg, Per"]
[Result "0-1"]
[WhiteElo "1755"]
[BlackElo "2040"]
[PlyCount "62"]
[EventDate "2003.05.23"]
[EventType "swiss"]
[EventRounds "9"]
[EventCountry "DEN"]
[SourceTitle "EXT 2023"]
[Source "ChessBase"]
[SourceDate "2022.10.05"]
[SourceVersion "1"]
[SourceVersionDate "2022.10.05"]
[SourceQuality "1"]

1. e4 c5 2. Nf3 e6 3. d4 cxd4 4. Nxd4 a6 5. Bd3 Nf6 6. 0-0 Qc7 7. c4 h5 8. h3 Bc5 9. Nb3 Ba7 10. Qf3 d6 11. Bg5 Nbd7 12. N1d2 Ne5 13. Qg3 h4 14. Bxh4 Nh5 15. Qh2 Nxd3 16. c5 Nhf4 17. Bg3 dxc5 18. Bxf4 Nxf4 19. Rfe1 e5 20. Nc4 Rh6 21. Rad1 Rg6 22. g4 Rh6 23. Rd5 f6 24. Nd6+ Ke7 25. Nxc8+ Rxc8 26. Red1 Rxh3 27. Qxf4 exf4 28. g5 Rch8 29. gxf6+ gxf6 30. f3 Rh1+ 31. Kg2 R8h2# 0-1

[Event "Politiken Cup 24th"]
[Site "Copenhagen"]
[Date "2002.07.23"]
[Round "8"]
[White "Auchenberg, Per"]
[Black "Sanchez Martin, Vanessa"]
[Result "1-0"]
[WhiteElo "2006"]
[BlackElo "2123"]
[PlyCount "81"]
[EventDate "2002.07.15"]
[EventType "swiss"]
[EventRounds "11"]
[EventCountry "DEN"]
[SourceTitle "CBM 089 Extra"]
[Source "ChessBase"]
[SourceDate "2002.09.10"]
[SourceVersion "2"]
[SourceVersionDate "2002.09.10"]
[SourceQuality "1"]

1. f4 d5 2. b3 Nf6 3. Bb2 g6 4. Nf3 Bg7 5. c4 e6 6. e3 0-0 7. Qc2 b6 8. g3 Bb7 9. Bg2 c5 10. 0-0 Nc6 11. a3 a5 12. Nc3 Ba6 13. Na4 Rc8 14. Rfe1 Ne7 15. d3 Nd7 16. Bxg7 Kxg7 17. Qb2+ Kg8 18. Nc3 Bb7 19. e4 d4 20. Nb5 Ba8 21. Nd6 Rb8 22. e5 Nf5 23. Nxf5 gxf5 24. Qe2 h6 25. Nh4 Bxg2 26. Kxg2 Kh7 27. Qh5 Qe8 28. Nf3 Kg7 29. a4 Qe7 30. g4 fxg4 31. Qxg4+ Kh7 32. Qh5 Rg8+ 33. Kf2 f6 34. Rg1 Rxg1 35. Rxg1 Rg8 36. Rxg8 Kxg8 37. Qxh6 fxe5 38. Qg6+ Kf8 39. Ng5 Nf6 40. fxe5 Ng4+ 41. Kg3 1-0

[Event "Taastrup Weekend A"]
[Site "Taastrup"]
[Date "2001.09.08"]
[Round "3"]
[White "Nielsen, John Holm"]
[Black "Auchenberg, Per"]
[Result "0-1"]
[WhiteElo "1973"]
[BlackElo "1899"]
[PlyCount "90"]
[EventDate "2001.09.07"]
[EventType "tourn"]
[EventRounds "5"]
[EventCountry "DEN"]
[SourceTitle "EXT 2023"]
[Source "ChessBase"]
[SourceDate "2022.10.05"]
[SourceVersion "1"]
[SourceVersionDate "2022.10.05"]
[SourceQuality "1"]

1. Nc3 c5 2. Nf3 e6 3. d4 cxd4 4. Nxd4 a6 5. e4 Qc7 6. Bd3 b5 7. 0-0 Bb7 8. Nce2 Nf6 9. Ng3 h5 10. h4 Bc5 11. Be3 Ng4 12. Qe1 Qb6 13. c3 Nc6 14. Nc2 Bxe3 15. Nxe3 Nxe3 16. fxe3 Ne5 17. Qe2 Qd8 18. Nxh5 Qxh4 19. Nf4 Ng4 20. Nh3 Qg3 21. Rf3 Qh2+ 22. Kf1 Qh1+ 23. Ng1 Nh2+ 24. Kf2 Nxf3 25. Qxf3 Rh6 26. Ke2 Qh5 27. Kd2 Qxf3 28. gxf3 Rh2+ 29. Ne2 Ke7 30. a4 bxa4 31. Rxa4 Rah8 32. Rb4 Bc8 33. Rb6 Rf2 34. f4 Kd8 35. e5 Kc7 36. Rd6 Rhh2 37. b4 f6 38. b5 axb5 39. Bxb5 fxe5 40. fxe5 g5 41. e4 g4 42. Ke1 Rfg2 43. Kd2 Rh5 44. c4 Rxe5 45. Ke3 Kxd6 0-1

[Event "Politiken Cup 23rd"]
[Site "Copenhagen"]
[Date "2001.07.23"]
[Round "9"]
[White "Auchenberg, Per"]
[Black "Lilja, Richard"]
[Result "0-1"]
[WhiteElo "2006"]
[BlackElo "2112"]
[PlyCount "48"]
[EventDate "2001.07.16"]
[EventType "swiss"]
[EventRounds "11"]
[EventCountry "DEN"]
[SourceTitle "CBM 083 Extra"]
[Source "ChessBase"]
[SourceDate "2001.09.11"]
[SourceVersion "1"]
[SourceVersionDate "2001.09.11"]
[SourceQuality "1"]

1. f4 e5 2. fxe5 d6 3. exd6 Bxd6 4. Nf3 Nf6 5. Nc3 Ng4 6. g3 Nxh2 7. Rxh2 Bxg3+ 8. Rf2 Bxf2+ 9. Kxf2 g5 10. d4 g4 11. Bg5 f6 12. Bh4 gxf3 13. Ne4 fxe2 14. Bxe2 0-0 15. Bc4+ Kh8 16. c3 Bf5 17. Ng3 Bg6 18. Qf3 Qd6 19. Rh1 Nd7 20. Nf5 Qb6 21. Bb3 Qb5 22. Ne7 Kg7 23. Qh3 Rad8 24. Nxg6 hxg6 0-1